MARC details
| 000 -LEADER |
| fixed length control field |
01735cam a22003735a 4500 |
| 001 - CONTROL NUMBER |
| control field |
15667786 |
| 003 - CONTROL NUMBER IDENTIFIER |
| control field |
GZU |
| 005 - DATE AND TIME OF LATEST TRANSACTION |
| control field |
20200916094333.0 |
| 008 - FIXED-LENGTH DATA ELEMENTS--GENERAL INFORMATION |
| fixed length control field |
090320s2009 nyuab 001 0 eng d |
| 010 ## - LIBRARY OF CONGRESS CONTROL NUMBER |
| Canceled/invalid LC control number |
2008460184 |
| 020 ## - INTERNATIONAL STANDARD BOOK NUMBER |
| International Standard Book Number |
9780073379821 |
| 020 ## - INTERNATIONAL STANDARD BOOK NUMBER |
| International Standard Book Number |
0073379824 |
| 035 ## - SYSTEM CONTROL NUMBER |
| System control number |
(OCoLC)ocn268995275 |
| 040 ## - CATALOGING SOURCE |
| Original cataloging agency |
IHV |
| Transcribing agency |
IHV |
| Modifying agency |
WAU |
| -- |
DLC |
| 042 ## - AUTHENTICATION CODE |
| Authentication code |
lccopycat |
| 043 ## - GEOGRAPHIC AREA CODE |
| Geographic area code |
cl----- |
| 050 ## - LIBRARY OF CONGRESS CALL NUMBER |
| Classification number |
F1408 |
| Item number |
GOO 2009 |
| 100 1# - MAIN ENTRY--PERSONAL NAME |
| Personal name |
Goodwin, Paul B., |
| Dates associated with a name |
1942- |
| 245 10 - TITLE STATEMENT |
| Title |
Latin America / |
| Statement of responsibility, etc. |
Dr. Paul B. Goodwin, Jr. |
| 250 ## - EDITION STATEMENT |
| Edition statement |
13th ed. |
| 260 ## - PUBLICATION, DISTRIBUTION, ETC. |
| Place of publication, distribution, etc. |
New York : |
| Name of publisher, distributor, etc. |
McGraw-Hill, |
| Date of publication, distribution, etc. |
c2009. |
| 300 ## - PHYSICAL DESCRIPTION |
| Extent |
xii, 252 p. : |
| Other physical details |
ill., maps ; |
| Dimensions |
28 cm. |
| 490 1# - SERIES STATEMENT |
| Series statement |
Global studies |
| 504 ## - BIBLIOGRAPHY, ETC. NOTE |
| Bibliography, etc. note |
Includes bibliographical references (p. 248) and index. |
| 505 0# - FORMATTED CONTENTS NOTE |
| Formatted contents note |
Global studies: Latin America -- Latin America: myth and reality -- Mexico: on the verge of change? -- Central America: lands in turmoil -- South America: an imperfect prism -- The Caribbean: sea of diversity -- Articles from the world press -- Regional articles -- Mexico articles -- Central America articles South America articles -- Caribbean articles. |
| 651 #0 - SUBJECT ADDED ENTRY--GEOGRAPHIC NAME |
| Geographic name |
Latin America |
| General subdivision |
History |
| Chronological subdivision |
20th century. |
| 651 #0 - SUBJECT ADDED ENTRY--GEOGRAPHIC NAME |
| Geographic name |
Latin America |
| General subdivision |
Politics and government. |
| 830 #0 - SERIES ADDED ENTRY--UNIFORM TITLE |
| Uniform title |
Global studies (Guilford, Conn.) |
| 856 42 - ELECTRONIC LOCATION AND ACCESS |
| Materials specified |
Publisher description |
| Uniform Resource Identifier |
<a href="http://www.loc.gov/catdir/enhancements/fy0909/2008460184-d.html">http://www.loc.gov/catdir/enhancements/fy0909/2008460184-d.html</a> |
| 856 41 - ELECTRONIC LOCATION AND ACCESS |
| Materials specified |
Table of contents only |
| Uniform Resource Identifier |
<a href="http://www.loc.gov/catdir/enhancements/fy0909/2008460184-t.html">http://www.loc.gov/catdir/enhancements/fy0909/2008460184-t.html</a> |
| 906 ## - LOCAL DATA ELEMENT F, LDF (RLIN) |
| a |
0 |
| b |
acq |
| c |
copycat |
| d |
u |
| e |
ncip |
| f |
20 |
| g |
z-acqworks |
| 942 ## - ADDED ENTRY ELEMENTS (KOHA) |
| Source of classification or shelving scheme |
Library of Congress Classification |
| Koha item type |
Books |
| Classification part |
1408 |
| Item part |
GOO |
| Call number prefix |
F |